Costos de construcción pesada y edificación (Record no. 171219)

MARC details
000 -LEADER
fixed length control field 00715nam a22002177a 4500
005 - DATE AND TIME OF LATEST TRANSACTION
control field 20241205132508.0
008 - FIXED-LENGTH DATA ELEMENTS--GENERAL INFORMATION
fixed length control field 241125b mx |||||||| |||| 00| 0 spa d
050 04 - LIBRARY OF CONGRESS CALL NUMBER
Classification number TA151
Item number V37 1984
100 1# - MAIN ENTRY--PERSONAL NAME
Personal name Varela Alonso, Leopoldo Gabriel.
245 10 - TITLE STATEMENT
Title Costos de construcción pesada y edificación
Statement of responsibility, etc / Leopoldo Gabriel Varela Alonso.
246 ## - VARYING FORM OF TITLE
Remainder of title
250 ## - EDITION STATEMENT
Edition statement 3a ed.
260 ## - PUBLICATION, DISTRIBUTION, ETC. (IMPRINT)
Place of publication, distribution, etc México :
Name of publisher, distributor, etc Compuedita,
Date of publication, distribution, etc 1984.
300 ## - PHYSICAL DESCRIPTION
Extent 454 p. :
Other physical details il. ;
Dimensions 28 cm.
504 ## - BIBLIOGRAPHY, ETC. NOTE
Bibliography, etc Incluye bibliografía
505 1# - FORMATTED CONTENTS NOTE
Title V. 1 Modelos para el cálculo de Costos Horarios de Maquinaria y Precios Unitarios.
650 #7 - SUBJECT ADDED ENTRY--TOPICAL TERM
Source of heading or term lemb
Topical term or geographic name as entry element Ingeniería civil
650 #7 - SUBJECT ADDED ENTRY--TOPICAL TERM
Topical term or geographic name as entry element Costos
General subdivision Construcción
650 #4 - SUBJECT ADDED ENTRY--TOPICAL TERM
Topical term or geographic name as entry element Edificación
942 ## - ADDED ENTRY ELEMENTS (KOHA)
Source of classification or shelving scheme Biblioteca del Cogreso de los Estados Unidos
Koha item type Libro
Holdings
Estado de pérdida Fuente de clasificación Estado del daño No para préstamo Ubicación permanente Ubicación actual Apartado o colección Fecha de adquisición Edición Enumeración de Serie / Cronológica Área del conocimiento Total Checkouts Clasificación Código de Barras Date last seen Número de copia Costo por reposición Tipo de recurso
  Biblioteca del Cogreso de los Estados Unidos     Biblioteca de la Facultad de Ingeniería Civil Biblioteca de la Facultad de Ingeniería Civil General 25/11/2024 3a ed. V:1 Ingeniería y Tecnología   TA151 V37 1984 BIC000001753 25/11/2024 1 1.00 Libro